| 000 | 01312cam a2200205 4500 | ||
|---|---|---|---|
| 001 | WB3910-04 | ||
| 008 | 030311n2003 000 0 eng u | ||
| 035 | _a(Sirsi) u121596 | ||
| 245 | _aImproved handover of office buildings | ||
| 260 | _c2003 | ||
| 490 |
_aBRE News Release _v20 February 2003, (1) |
||
| 520 | _aRecently published BRE Digest 474 "HOBO protocol - handover of office building operations" provides an improved protocol for preparing and handing over with its documentation a new office building or an existing building to new owners and operators. Handover is seen as a process of many activities that starts at the tendering stage and continues through to a period after practical completion. The new protocol was developed through a two year Partners in Innovation Programme project, using case studies representing a wide range of building types, clients and suppliers and trialed by partner organisations on live projects. Digest 474 is available from BRE Bookshop at http://www.bookshop.com or t +44 (0)20 7505 6622. http://www.bre.co.uk/news.jsp?id=97 | ||
| 590 | _aWB | ||
| 650 | _aCOMMISSIONING PROCEDURES | ||
| 650 | _aHANDOVER | ||
| 650 | _aHANDOVER OF OFFICE BUILDINGS PROTOCOL | ||
| 650 | _aOFFICE BUILDINGS | ||
| 690 | _aBUILDING AND CONSTRUCTION-MANAGEMENT | ||
| 942 | _n0 | ||
| 999 |
_c72284 _d72284 |
||